000 01024nam a2200169Ia 4500
005 20250630125006.0
008 250630s9999 xx 000 0 und d
020 _a9781845110178
082 _a915.04426
_bMAR
100 _aMarnham, Patrick
245 0 _aRoad to Katmandu
260 _bTauris Parke Paperbacks
_c2005
300 _a172 pages
500 _aRoad to Kathmandu is the part-factual, part-fictional account of Patrick Marnham's own pilgrimage from Turkey to Nepal in 1968. He travelled over three thousand miles, passing through Ankara to Ararat, Tehran and Mashad, Herat, Kandahar and Kabul, Peshawar, Lahore and Varanasi ... before finally reaching Kathmandu. His journey is a kaleidoscopic blend of tortuous train journeys and lethal truck drives; wild deserts, mountains and isolated villages. His nights were often spent sleeping by the roadside and his days searching for the next ride. Along the way, he met a colourful and eclectic cast of characters.
650 _aSocial Science
942 _cENGLISH
999 _c574327
_d574327